CRIMES AGAINST HUMANITY (Record no. 22996)

MARC details
000 -LEADER
fixed length control field 00359nam a22001337a 4500
003 - CONTROL NUMBER IDENTIFIER
control field SGT
020 ## - INTERNATIONAL STANDARD BOOK NUMBER
International Standard Book Number 9781107459366
082 ## - DEWEY DECIMAL CLASSIFICATION NUMBER
Classification number 345.0235
Item number BAS
100 ## - MAIN ENTRY--PERSONAL NAME
Personal name BASSIOUNI CHERIF M
245 ## - TITLE STATEMENT
Title CRIMES AGAINST HUMANITY
Remainder of title HISTORICAL EVOLUTION AND CONTEMPORARY APPLICATION
260 ## - PUBLICATION, DISTRIBUTION, ETC. (IMPRINT)
Place of publication, distribution, etc UNITED KINGDOM
Name of publisher, distributor, etc CAMBRIDGE
Year of Publication 2014
300 ## - PAGE DESCRIPTION
No. of Pages XXXVII,845
942 ## - ADDED ENTRY ELEMENTS (KOHA)
Source of classification or shelving scheme Dewey Decimal Classification
Koha item type Books
Holdings
Withdrawn status Lost status Source of classification or shelving scheme Damaged status Not for loan Collection code Home library Current library Shelving location Date acquired Vendor Name Cost, normal purchase price SGTU Bill Number Full call number Accession No. (Barcode) Date last seen Bill Date Koha item type
    Dewey Decimal Classification   Not For Loan LAW SGT Science & Social Sciences Library SGT Science & Social Sciences Library Reference Book 14/07/2022 AHUJA BOOK COMPANY 3918.00 SGTU 14697 345.0235 BAS FL2788 14/07/2022 30/06/2022 Books